000 01065nac a22003017a 4500
001 BR7805678
003 BR-BrBNA
005 20240105114307.0
008 230509b bl.|||m| |||| 00| 0 por d
040 _aBR-BrBNA
_bpor
_cBiblioteca Nacional de Agricultura
072 _aF00; E15; E70
090 _a2480 BR7805678
110 1 _aSuperintendencia da Borracha, Rio de Janeiro, RJ (Brasil)
_910023
245 1 _aRelatorio de Atividades/1977 [Superintendencia da Borracha; Seringueira; Hevea brasiliensis; Plantio; Estatistica de producao; Produtividade; Consumo; Exportacao; Importacao; Brasil]
260 3 _aRio de Janeiro, RJ (Brasil):
_c1978.
300 _a32 p.
490 _aRelatorio - Superintendencia da Borracha (Brazil)
_v
_x
500 _a15 illus.; 9 tables; Summary (Pt)
650 _aBORRACHA
650 _aSERINGUEIRA
650 _aESTATISTICA DE PRODUCAO
650 _aPRODUTIVIDADE
650 _aCONSUMO
650 _aEXPORTACAO
650 _aIMPORTACAO
909 _a202312
_bLúcia Elande
_c55
_dLúcia Elande
942 _2AGRIS
_n0
_cMS
999 _c268507
_d268507